000 00656nam a2200193Ia 4500
008 151121s9999||||xx |||||||||||||| ||und||
082 _a520।1/आपटे
082 _bHNW-79098
100 _aआपटे मधुकर
245 _aखगोलशास्त्र परिचय
260 _b"श्रीमंगेश प्रकाशन, नागपूर"
260 _c--
300 _a106
600 _aआपटे मधुकर
630 _aखगोलशास्त्र परिचय
700 _aआपटे मधुकर
730 _aखगोलशास्त्र परिचय
942 _cBOOK
999 _c1260494
_d1260491